000 00829nam a2200169 i 4500
001 182318
003 ES-MaACL
005 20230906221600.0
008 130801s1978 sp |||| | spa d
100 1 _aCánovas del Castillo, Juan Antonio.
_934606
245 1 4 _aLos centros docentes del Escorial
_b: la restauración y los agustinos /
_cJuan Antonio Cánovas del Castillo.
260 _aSan Lorenzo del Escorial (Madrid) :
_bBiblioteca "La ciudad de Dios",
_c1978.
300 _aP.193-210 ;
_c21 cm.
595 _aSeparata de la publicación: La restauración monárquica de 1875 y la España de la Restauración .- San Lorenzo del Escorial (Madrid) : Biblioteca "La ciudad de Dios", 1978.
610 2 4 _aAgustinos-
_zSan Lorenzo de El Escorial.
_9153145
852 _aES-MaACL
_j2317-F-20
_z.- Dedicatoria manuscrita del autor
999 _c182318
_d182318